02447nam a2200313 a 4500001000200000003000400002005001700006008004100023020001800064040002500082082002700107100003300134245008900167260010200256300002100358500004300379500007300422504003200495505122300527590002501750600006101775600007001836650000601906651003301912910001401945942001201959952014501971999001702116 OSt20230201121456.0130306s2009 dr r 001 0 spa d a9786074011388 aDO-SdBNPbspacBPMSU 4a972.9bB742de 20072221 a Bosch, Juan, d1909-20019110aDe Cristóbal Colón a Fidel Castro :bel Caribe, frontera imperial /cJuan Bosch. aMéxico :bMiguel Ángel Porrúa; bEmbajada de la República Dominicana en México, c2009 a762 p. ;c24 cm. aIncluye índice de personas y lugares aIncluye referencias biblográficas y notas al pie de las páginas  aBibliografía : p. 759-7620 a Introducción / Pablo A. Maríñez -- Unas palabras del autor -- Una frontera de cinco siglos -- El escenario de la frontera -- Indios y españoles en los primeros años de la frontera imperial -- La conquista del Caribe entre 1508 y 1526 -- La conquista entre 1526-1584 -- Sublevaciones de indios, africanos y españoles en el siglo XVI -- Las guerras de España en el siglo XVI -- Contrabandistas, bucaneros y filibusteros -- El siglo de la desmembración -- El tiempo del espanto -- Intermedio europeo -- El Caribe hasta la Paz de Utrecht -- Las guerras en el Caribe hasta la Paz de París (1763) -- La revolución Norteamericana y sus resultados en el Caribe -- La revolución francesa y su proyección en el Caribe -- El tiempo de la libertad -- Nacimiento de la República de Haití -- En los umbrales de la gran conmoción -- La guerra social venezolana -- La independencia de los territorios españoles -- 1821-1851. Los años de reajuste -- Los años de los episodios increíbles (1855-1861) -- Las luchas por la independencia de Cuba (1868-1898) -- El siglo del imperio norteamericano -- Los años de las balas y de los dólares -- Fidel Castro o la nueva etapa histórica del Caribe. 6Inventariado,2021/VM14aCastro, Fidel,d1926-2016xCrítica e interpretación.14aColón, Cristóbal, d1451-1506.xCrítica e interpretación  4y  4aCaribe (Región)xHistoria  aVMateo V. 2ddccBK 00102ddc40708CDaBPMETbBPMETd2021-11-09eFundacón Juan Bosch oBPMSU CD 972.9 B742de 2007pBPMSU21110072r2021-11-09w2021-11-09yBK c13862d13862